| 000 | 01284nam a2200229 a 4500 | ||
|---|---|---|---|
| 001 | 000252631 | ||
| 003 | AM-YeHGA | ||
| 005 | 20250617125051.0 | ||
| 008 | 030806s1990 ||| r 000 0 rus d | ||
| 020 | _a5274009255 | ||
| 040 | _aAM-YeHGA | ||
| 100 | 1 | _aРаппапорт, Александр Гербертович | |
| 245 | 1 | 0 |
_aФорма в архитектуре : _bПробл. теории и методол. / _cА.Г. Раппапорт, Г.Ю. Сомов ; Гос. ком. по архитектуре и градостроительству при Госстрое СССР ; ВНИИ теории архитектуры и градостроительства. |
| 260 |
_aМосква : _bСтройиздат, _c1990. |
||
| 300 |
_a344 с. : _bил. |
||
| 504 | _aБиблиогр. : с. 336 - 343 | ||
| 653 | 0 | _aАрхитектурные формы | |
| 700 | 1 | _aСомов, Георгий Юрьевич | |
| 710 | 2 | _aГосударственный комитет по архитектуре и градостроительству при Госстрое СССР | |
| 710 | 2 | _aВсесоюзный научно-исследовательский институт теории архитектуры и градостроительства | |
| 090 | _c91951 | ||
| 999 |
_c90659 _d90659 |
||